UITU Library & LRC     

Britannica Atlas (Record no. 2742)

MARC details
000 -LEADER
fixed length control field 00470nam a2200181Ia 4500
008 - FIXED-LENGTH DATA ELEMENTS--GENERAL INFORMATION
fixed length control field 240925s9999 xx 000 0 und d
020 ## - INTERNATIONAL STANDARD BOOK NUMBER
International Standard Book Number 852296061
082 ## - DEWEY DECIMAL CLASSIFICATION NUMBER
Classification number 912.1 BRI
100 ## - MAIN ENTRY--PERSONAL NAME
Personal name Not - Available
245 #0 - TITLE STATEMENT
Title Britannica Atlas
250 ## - EDITION STATEMENT
Edition statement NA
260 ## - PUBLICATION, DISTRIBUTION, ETC.
Place of publication, distribution, etc. Chicago:
Name of publisher, distributor, etc. Encyclopadia Britanic
Date of publication, distribution, etc. ,1994.
300 ## - PHYSICAL DESCRIPTION
Extent xix,750p.
Other physical details NA
Type of unit Original
500 ## - GENERAL NOTE
General note Includes Index
600 ## - SUBJECT ADDED ENTRY--PERSONAL NAME
Personal name Humanities & Natural Science
650 ## - SUBJECT ADDED ENTRY--TOPICAL TERM
Topical term or geographic name entry element Geography and travel
942 ## - ADDED ENTRY ELEMENTS (KOHA)
Koha item type Books
Holdings
Withdrawn status Lost status Damaged status Not for loan Collection Home library Current library Date acquired Source of acquisition Cost, normal purchase price Total checkouts Full call number Barcode Date last seen Price effective from Koha item type
        Humanities & Basic Sciences UITU Library UITU Library 03/20/1995 Academic Resource Managment 3536.00   912.1 BRI Q0243 09/25/2024 09/25/2024 Books

Powered by Koha